000 00782nam a2200229Ia 4500
001 13970
003 GE_BSU
008 181216s||||||||xx |||||||||||||| ||und||
040 _cGE_BSU
080 _a338
100 _aПопов,А.И. Королев,А.Н.
245 _aЭкономика, организация и планирование вагонного хозяиства.
245 _bУчебник.
245 _cРед. Н.Ф.Сердюменко.
250 _aИзд 3-ое, перераб.и доп.
260 _aМ.
260 _bТранспорт.
260 _c1975.
300 _a224 стр. с илл. 20 см.
653 _aЭкономика, организация и планирование вагонного хозяиства.
942 _cBK
999 _c47112
_d47112